Statistics for NCAA FOOTBALL TEAMS BY STATE (P-T)

Click here to take the quiz!

General Stats

  • This quiz has been taken 55 times
  • The average score is 16 of 23

Answer Stats

HintAnswer% Correct
PennsylvaniaPenn State Nittany Lions
98%
TennesseeTennessee Volunteers
98%
South CarolinaSouth Carolina Gamecocks
95%
TexasTexas Longhorns
95%
PennsylvaniaPittsburgh Panthers
93%
TexasTexas Tech Red Raiders
88%
TexasTexas A&M Aggies
83%
TexasHouston Cougars
76%
TexasUTSA Roadrunners
76%
TexasTCU Horned Frogs
74%
TexasUTEP Miners
74%
TennesseeMemphis Tigers
71%
South CarolinaClemson Tigers
69%
TexasTexas State Bobcats
67%
TennesseeVanderbilt Commodores
67%
TexasBaylor Bears
60%
TexasRice Owls
57%
South CarolinaCoastal Carolina Chanticleers
55%
TennesseeMiddle Tennessee State Blue Raiders
55%
PennsylvaniaTemple Owls
52%
TexasNorth Texas Mean Green
48%
TexasSMU Mustangs
48%
TexasSam Houston State Bearkats
31%

Score Distribution

Percentile by Number Answered

Percent of People with Each Score

Your Score History

You have not taken this quiz